00470nam a2200169 a 450000100060000000300090000600800410001502000150005604000280007108200170009910000160011624500910013226000280022330000100025165000230026165000160028413995CO-ViMGA141112s2004 ck r 000 u spa d a8479021756 aCO-ViMGAbspacCO-ViMGA04a796.352 W6631 aWoods, Earl10aEntrenar un tigre : buna guia para forjar un campeon tanto en el golf como en la vida aMadrid : btutor, c199 a208p.14aGOLF - ENSEÑANZA14aWOODS, EARL